000 00747nam0a22002291 4500
001 rc\4592121
005 20130416192657.1
021 _aRU
_bП4902-61
035 _a(NLR Aleph) 008384418
090 _a9138001
_c9138001
100 _a20130416d1961 |||y0rusy50 ca
101 0 _arus
102 _aRU
105 _ay z |||||
200 1 _aМеханизация производства электроустановочных изделий (из опыта УПП № 8 Мосгорправления ВОС)
210 _aМосква
_cБ. и.
_d1961
702 1 _aСидорин
_bМ. С.
_gМихаил Сергеевич
_4220
801 0 _aRU
_bNLR
_gpsbo
801 1 _aRU
_bELAR
_2rusmarc
852 _aNLR
_jП49/440
942 _cBOOK
980 _aNB